| 000 -LEADER |
| fixed length control field |
00675cam a2200229 a 4500 |
| 001 - CONTROL NUMBER |
| control field |
8870 |
| 003 - CONTROL NUMBER IDENTIFIER |
| control field |
BD-DhUAP |
| 005 - DATE AND TIME OF LATEST TRANSACTION |
| control field |
20201230130401.0 |
| 008 - FIXED-LENGTH DATA ELEMENTS--GENERAL INFORMATION |
| fixed length control field |
200204s1997 bg 001 0 eng |
| 040 ## - CATALOGING SOURCE |
| Original cataloging agency |
DLC |
| Transcribing agency |
DLC |
| Modifying agency |
BD-DhUAP |
| Language of cataloging |
Eng |
| 082 00 - DEWEY DECIMAL CLASSIFICATION NUMBER |
| Edition number |
23 |
| Classification number |
342.549202 HUD |
| 100 2# - MAIN ENTRY--PERSONAL NAME |
| Personal name |
Huda, A. K. M. Shamsul |
| 245 14 - TITLE STATEMENT |
| Title |
The constitution of Bangladesh / |
| Statement of responsibility, etc. |
A.K.M. Shamsul Huda. |
| 250 ## - EDITION STATEMENT |
| Edition statement |
1st ed. |
| 260 ## - PUBLICATION, DISTRIBUTION, ETC. |
| Place of publication, distribution, etc. |
Chittagong : |
| Name of publisher, distributor, etc. |
Rita Court, |
| Date of publication, distribution, etc. |
c1997. |
| 300 ## - PHYSICAL DESCRIPTION |
| Extent |
Volumes ; |
| Dimensions |
23 cm. |
| 500 ## - GENERAL NOTE |
| General note |
Includes index. |
| 505 ## - FORMATTED CONTENTS NOTE |
| Formatted contents note |
V. 2-- ; |
| 520 ## - SUMMARY, ETC. |
| Summary, etc. |
On the constitution of Bangladesh; includes original articles. |
| 650 #0 - SUBJECT ADDED ENTRY--TOPICAL TERM |
| Topical term or geographic name entry element |
Constitutional law |
| Geographic subdivision |
Bangladesh. |
| 942 ## - ADDED ENTRY ELEMENTS (KOHA) |
| Source of classification or shelving scheme |
|
| Koha item type |
Book |